Administracja publiczna zagadnienia wstepne

Saved in:
Bibliographic Details
Other Authors: Pawlowska, Agnieszka
Format: Book
Language:Polish
Published: Lublin Norbertinum 1999
Edition:2. wyd.
Subjects:
Tags: Add Tag
No Tags, Be the first to tag this record!

MARC

LEADER 00000nam a2200000 4500
001 c117443
005 20221221081514.1
020 |a 83-7222-030-1 
041 0 |a pol 
044 |a PL 
245 1 0 |a Administracja publiczna  |b zagadnienia wstepne  |c Redakcja naukowa Agnieszka Pawlowska 
250 |a 2. wyd. 
264 1 |a Lublin  |b Norbertinum  |c 1999 
300 |a 215 s. 
610 2 0 |a správa verejná 
610 2 0 |a demokracia 
610 2 0 |a štruktúra organizačná 
610 2 0 |a služby 
610 2 0 |a projektovanie 
610 2 0 |a rozvoj regionálny 
610 2 0 |a orgány štátne 
610 2 0 |a financie verejné 
610 2 0 |a politika fiškálna 
610 2 0 |a výdavky verejné 
610 2 0 |a príjmy 
610 2 0 |a clá 
610 2 0 |a rozpočet štátny 
610 2 0 |a rozpočty 
610 2 0 |a dlhy štátne 
610 2 0 |a legislatíva 
610 2 0 |a informácie 
610 2 0 |a systémy informačné 
610 2 0 |a využitie počítačov 
610 2 0 |a decentralizácia 
610 2 0 |a kontrola 
610 2 0 |a Európska únia 
610 2 0 |a Poľsko 
700 1 |a Pawlowska, Agnieszka